| 000 | 00371nam a22001097a 4500 | ||
|---|---|---|---|
| 082 | _a320 | ||
| 100 |
_aघटना चक्र _981916 |
||
| 245 |
_aChaprerwise Solved Paper General Studies Preview (पूर्वावलोकन) English Version _bIndian Polity & Governance |
||
| 260 |
_aPrayagraj _bSam-Samayik Ghatna Chakra _c2023 |
||
| 650 | _aPolity | ||
| 942 | _cBK | ||
| 999 |
_c66501 _d66501 |
||